Les Principaux Rôles de Michel Blanc au Cinéma - Statistiques

Statistiques générales
  • Ce quiz a été pris 22 fois
  • Le résultat moyen est 6 sur 15
Statistiques - réponses
Hint Réponse % Correct
Jean-Claude Dusse Les Bronzés (trilogie)
95%
L'obsédé sexuel au téléphone Le père Noël est une Ordure
82%
Monsieur Hire Monsieur Hire
77%
Le père Lebœuf Papy fait de la résistance
64%
Lui-même / Patrick Olivier Grosse Fatigue
45%
L'inspecteur Leroux Circulez y a rien à voir !
41%
Aymé Pigrenet Je vous trouve très beau
36%
Denis Marche à l'ombre
36%
Gaigneux Uranus
36%
Guy Viens chez moi, j'habite chez une copine
32%
Antremont Vous n'aurez pas l'Alsace et la Lorraine
27%
Jean-Pierre Embrassez qui vous voudrez
23%
Antoine Tenue de Soirée
18%
Bernard Ma femme s'appelle reviens
14%
Laurent Martin Retenez-moi... ou je fais un malheur !
0%
Aucun quiz correspondant
Distribution des résultats
% des personnes avec chaque résultat
Percentile par nombre de réponses
Votre historique - résultats
Vous n’avez pas pris ce quiz